| 000 | 00458ntaaa2200181 4500 | ||
|---|---|---|---|
| 003 | 01 | ||
| 005 | 20251027202327.0 | ||
| 008 | 0714s1973 ag 01 | ||
| 040 |
_aAR-BaBN _bspa _cAR-BaBN _eaacr _dRIC |
||
| 082 | _a290.0900 T57 | ||
| 100 |
_aTokarev, S.A. _921864 |
||
| 245 | _aHistoria de las religiones | ||
| 250 | _a1 ed. | ||
| 260 |
_aBuenos Aires : _bEditorial Cartago, _cc1965 |
||
| 300 | _a495 p | ||
| 650 |
_areligiones comparadas _93333 |
||
| 942 | _cBK | ||
| 999 |
_c18096 _d18096 |
||